BIBLIOTHÈQUE DE LA MAISON DU MEXIQUE

Logo 1 Logo 2

El Colegio Máximo de San Pedro y San Pablo (notice nᵒ 11373)

détails MARC
000 -Sello discográfico
campo de control de longitud fija 01116nam a2200349 4500
005 - Identificación de versión
campo de control 20251016082225.0
035 ## - Otros números de control del sistema
Número de control del sistema 1225
099 ## - fechas locales
Tipo de ítem Koha LIBRO
100 ## - Datos de procesamiento general
Datos de procesamiento general 20040518d1951 m y1spay5003 ba
105 ## - Campo de datos codificados: Material textual, monográfico
Datos codificados de monografía a 001zy
200 1# - Título y mención de responsabilidad
Título propio El Colegio Máximo de San Pedro y San Pablo
Designación general del material texto impreso
Primer mención de responsabilidad Clementina Díaz y de Ovando
210 ## - Publicación, distribución, etc.
Lugar de publicación, distribución, etc. México
Nombre del editor, distribuidor, etc. Universidad Nacional Autónoma de México, Instituto de Investigaciones Estéticas
Fecha de publicación, distribución, etc. 1951
215 ## - Descripción física
Designación de material específico y extensión del ítem 176 p
Otras características físicas il.
Dimensiones 23 cm
318 ## - Nota de acción
Acción No se presta a domicilio
345 ## - Nota de información de adquisición
Fuente de adquisición/dirección de la suscripción [OBSOLETO] Donación
410 #1 - Series
Título Ediciones del IV Centenario de la Universidad de México
Número de volumen 6
607 ## - Nombre geográfico utilizado como tema
Elemento de entrada Ciudad de México
Subdivisión temática Real Colegio de San Pedro, San Pablo y San Ildefonso
Número Koha 18044
660 ## - Código de área geográfica
Código MX
700 ## - Nombre personal - Responsabilidad primaria
Elemento de entrada Díaz y de Ovando
Parte del nombre distinta del elemento de entrada Clementina
Fechas 1916-2012
Número Koha 1348
801 #0 - Fuente de origen
Agencia cm
900 ## -
-- 1/7459
900 ## -
-- 7100419224\180504
942 ## - ELEMENTOS DE ENTRADA SECUNDARIOS (KOHA)
Tipo de ítem Koha Livre
996 ## -
-- MEX
-- 751145101
-- MMAG
-- 007980
-- R724.1 D54C
-- 20230602LIV
Exemplaires
Estatus retirado Estado de daño Estado de pérdida Fecha de adquisición Biblioteca de origen Biblioteca actual Ubicación en estantería Código de barras Precio de reemplazo Signatura topográfica completa No para préstamo Tipo de ítem Koha Nota pública Nota no pública
      05/08/2025 Casa México Paris Casa México Paris   007980 05/08/2025 R724.1 D54C No se presta a domicilio Livre 20230602LIV 751145101